000 01016nam a22002537a 4500
005 20170123164149.0
010 _aB-029053
020 _c100.00
035 _aB-029053
037 _bCen Lib/Ret
040 _aDPL
_bPN
082 _a851
_bਪ੍ਰੀਤਮ
100 _aਪ੍ਰੀਤਮ ਸਿੰਘ ਅਰਸ਼ੀ
_9124575
245 _aਅਰਸ਼ ਉਡਾਰੀ :
_cਗੁਰਚਰਨ ਰਾਮਪੁਰੀ
_bਧਾਰਮਰ ਕਾਵਿ ਸੰਗੁਹਿ /
246 _aArsh udari : religious poetry/
_bby Pritam Singh Arshi
260 _aਦਿਲੀ
_bਔਚ.ਕੇ. ਪ੍ਰਕਾਸ਼ਨ
_c2000
270 _a16/16, 1st floor , ਗੀਤਾ ਕਾਲੋਨੀ
_bਦਿਲੀ
_e110031
300 _a96p.
_c22cm(Hb)
650 _a ਸਾਹਿਤ--ਪੰਜਾਬੀ
_9124576
650 _aਪੰਜਾਬੀ -- ਕਵਿਤਾਆਂ
_9124577
650 _a Literature--Punjabi
_9124578
650 _aPunjabi -- Poetry
_9124579
942 _2ddc
_cPN
_h851
_mਪ੍ਰੀਤਮ
999 _c110197
_d110197